ბათუმის შოთა რუსთაველის სახელმწიფო უნივერსიტეტის ბიბლიოთეკა

Georgia : (ბიბ.ჩანაწერი № 60571)

000 -LEADER
fixed length control field 00837nam a22001937a 4500
005 - DATE AND TIME OF LATEST TRANSACTION
control field 20230907122107.0
008 - FIXED-LENGTH DATA ELEMENTS--GENERAL INFORMATION
fixed length control field 230907s1993 enk||||| |||| 00| 0 eng d
041 ## - LANGUAGE CODE
Language code of text/sound track or separate title eng
080 ## - UNIVERSAL DECIMAL CLASSIFICATION NUMBER
Universal Decimal Classification number 94(479.22) M-61
100 ## - MAIN ENTRY--PERSONAL NAME
Personal name Metreveli, Roin
9 (RLIN) 19603
245 ## - TITLE STATEMENT
Title Georgia :
Remainder of title overview /
Statement of responsibility, etc. by Roin Metreveli ; editor A. Chanturia.
264 ## - PRODUCTION, PUBLICATION, DISTRIBUTION, MANUFACTURE, AND COPYRIGHT NOTICE
Place of production, publication, distribution, manufacture თბილისი :
Name of producer, publisher, distributor, manufacturer თბილისის უნივერსიტეტის გამომცემლობა,
Date of production, publication, distribution, manufacture, or copyright notice 1993.
300 ## - PHYSICAL DESCRIPTION
Extent 47 p. :
Other physical details ill. ;
Dimensions 22 cm.
653 ## - INDEX TERM--UNCONTROLLED
keyword საქართველო -- ისტორია
653 ## - INDEX TERM--UNCONTROLLED
keyword ქართული ცივილიზაცია
700 ## - ADDED ENTRY--PERSONAL NAME
Personal name მეტრეველი, როინ
Relator term ავტორი
9 (RLIN) 19786
700 ## - ADDED ENTRY--PERSONAL NAME
Personal name ჭანტურია, ა.
Relator term რედაქტორი
9 (RLIN) 818
942 ## - ADDED ENTRY ELEMENTS (KOHA)
Source of classification or shelving scheme
Koha item type წიგნი
ეგზემპლარები
Withdrawn status Lost status Source of classification or shelving scheme Damaged status Not for loan Permanent Location Current Location Shelving location Date acquired Cost, normal purchase price Full call number Barcode Date last seen Copy number Uniform Resource Identifier Price effective from Koha item type Public note
          ბათუმის შოთა რუსთაველის სახელმწიფო უნივერსიტეტის მთავარი ბიბლიოთეკა ბათუმის შოთა რუსთაველის სახელმწიფო უნივერსიტეტის მთავარი ბიბლიოთეკა წიგნსაცავი 2023-09-07 5.00 94(479.22) M-61 65185 2023-09-07 65185 ბსუ-ს საპატიო დოქტორის გურამ ლორთქიფანიძის საჩუქარი 2023-09-07 წიგნი 5 ლ.